Parole che iniziano con la "I" - Statistics

Statistiche generali
  • Questo quiz è stato fatto 344 volte
  • Il punteggio medio è 7 su 15
Statistiche sulle risposte
INDIZIO RISPOSTA % Corretto
Terra circondata da mari o oceani Isola
99%
Triangolo che ha 2 lati uguali Isoscele
97%
Animale che ha il dorso coperto da aculei Istrice
97%
Quando un oggetto non è utilizzato da nessuno e non ha nessun valore è ____ Inutile
85%
Persona affetta da handicap Invalido
77%
In latino è il "diritto" Ius
54%
Sostanza che si oppone al passaggio di calore elettricità e suoni Isolante
50%
Prodotto di un accoppiamento tra due specie animali o vegetali diverse Ibrido
46%
Persona che porta sfortuna Iettatore
38%
Parte della storia dell'arte che analizza le immagini di un soggetto Iconografia
23%
Molecola che ha la medesima formula chimica di un'altra ma diversa struttura Isomero
16%
Una decisione che non può essere cambiata Irreversibile
12%
La capacità dell'acqua a ingrossare i materiali porosi Imbibizione
2%
Figura sintattica per cui si scambia il normale rapporto fra due parole (la zappa paziente) Ipallage
2%
Sinonimo di stizza e rabbia Izza
2%
Nessun quiz corrispondente trovato
Distribuzione punteggi
Percentuale di utenti per punteggio
Percentile per numero di risposta
I tuoi punteggi nel tempo
Non hai fatto questo quiz